MC MINN'S CONCISE HUMAN ANATOMY (Record no. 15098)

MARC details
000 -LEADER
fixed length control field 00316nam a22001457a 4500
003 - CONTROL NUMBER IDENTIFIER
control field SGT
082 ## - DEWEY DECIMAL CLASSIFICATION NUMBER
Classification number 611
Item number M18H
100 ## - MAIN ENTRY--PERSONAL NAME
Personal name HEYLINGS, DAVID
245 ## - TITLE STATEMENT
Title MC MINN'S CONCISE HUMAN ANATOMY
250 ## - EDITION STATEMENT
Edition statement 2ND
260 ## - PUBLICATION, DISTRIBUTION, ETC. (IMPRINT)
Place of publication, distribution, etc NEW YORK
Name of publisher, distributor, etc CRC PRESS
Year of Publication 2018
300 ## - PAGE DESCRIPTION
No. of Pages 272
650 ## - SUBJECT ADDED ENTRY--TOPICAL TERM
Topical term or geographic name as entry element ANATOMY
942 ## - ADDED ENTRY ELEMENTS (KOHA)
Source of classification or shelving scheme Dewey Decimal Classification
Koha item type Books
942 ## - ADDED ENTRY ELEMENTS (KOHA)
-- 8
Holdings
Withdrawn status Lost status Source of classification or shelving scheme Damaged status Not for loan Collection code Home library Current library Shelving location Date acquired Vendor Name SGTU Bill Number Total Checkouts Full call number Accession No. (Barcode) Date last seen Date last borrowed Bill Date Koha item type Checked out
    Dewey Decimal Classification     MEDICAL SGT Medical Library SGT Medical Library Text Book 05/02/2018 ABC SGTU 8923 1 611 M18H FM10526 13/03/2018 28/02/2018 06/12/2017 Books  
    Dewey Decimal Classification     MEDICAL SGT Medical Library SGT Medical Library Text Book 05/02/2018 ABC SGTU 8923 3 611 M18H FM10527 22/05/2026 22/05/2026 06/12/2017 Books 05/06/2026
    Dewey Decimal Classification     MEDICAL SGT Medical Library SGT Medical Library Text Book 05/02/2018 ABC SGTU 8923 7 611 M18H FM10528 16/04/2025 09/04/2025 06/12/2017 Books  
    Dewey Decimal Classification     MEDICAL SGT Medical Library SGT Medical Library Text Book 05/02/2018 ABC SGTU 8923 5 611 M18H FM10529 02/09/2025 01/09/2025 06/12/2017 Books  
    Dewey Decimal Classification     MEDICAL SGT Medical Library SGT Medical Library Text Book 05/02/2018 ABC SGTU 8923 1 611 M18H FM10530 18/07/2018 13/07/2018 06/12/2017 Books